=LDR 00000nam 2200000 4500 =001 INLIS000000000004480 =005 20250721031701 =035 ##$$a 0010-0725000291 =007 ta =008 250721################f##########0#ind## =082 ##$$a 613.94 =084 ##$$a 613.94 BAD l =245 1#$$a Laporan Delegasi Indonesia Dari Sidang Ilmiah Konperensi Internasional Ke-IV The Society For The Advancement Of Contraception (S.A.C) /$c BADAN KOORDINASI KELUARGA BERENCANA NASIONAL =260 ##$$a Chicago :$b Badan Koordinasi Keluarga Berencana Nasional,$c 1987 =300 ##$$a 30 hlm. : $b ilus. =650 #4$$a The Society For The Advancement Of Contraception (S.A.C) =110 2#$$a BADAN KOORDINASI KELUARGA BERENCANA NASIONAL =856 ##$$a Perpustakaan Kemendukbangga